000 00743nam a22002297a 4500
003 UA-OsUOA
001 127576
007 ta
008 20171205b un ||||| |||| 00| 0 ukr d
090 _a821.161.2(520)
_bП41
942 _cBK
040 _aUA-OsUOA
_bukr
_cUA-OsUOA
_dUA-OsUOA
245 _aПо одному віршу ста поетів (1235 р.)
_bзбірка японської класичної поезії VII - XIII ст.
_cліт. ред. К. Москалець
300 _a232 с.
955 _a3
041 _aukr
080 _a821.161.2(520)
020 _a978-966-4650-86-8
260 _aК.
_bГрані-Т
_c2008
650 7 _a82 Література. Літературознавство
_2UDC
999 _c414781
_d414781